[Event "Titled Tuesday intern op 02nd Apr Early"]
[Site "Chess.com INT"]
[Date "2024.04.02"]
[Round "4"]
[White "Alahakoon, Isuru"]
[Black "Williams, Simon Kim"]
[Result "0-1"]
[WhiteElo "1886"]
[BlackElo "2467"]
[PlyCount "67"]
[EventDate "2024.04.02"]
[EventType "swiss (blitz)"]
[EventRounds "11"]
[EventCountry "USA"]
[SourceTitle "CB15_2024"]
[SourceDate "2024.04.10"]
[SourceVersion "1"]
[SourceVersionDate "2024.04.10"]
[SourceQuality "1"]

1. Nf3 f5 2. d3 Nc6 3. e4 e5 4. Nc3 Nf6 5. exf5 d5 6. d4 exd4 7. Nxd4 Nxd4 8. Qxd4 Bxf5 9. Bg5 Bxc2 10. Qd2 Bg6 11. 0-0-0 c6 12. Bd3 Bxd3 13. Qxd3 Be7 14. Bxf6 Bxf6 15. Rhe1+ Kf7 16. Qf5 Qc8 17. Qh5+ g6 18. Qf3 Qf5 19. Qxf5 gxf5 20. Ne2 Rae8 21. Ng3 Kg6 22. Ne2 Bg5+ 23. Kc2 h5 24. f4 Bf6 25. Rd3 Re4 26. Rg3+ Kf7 27. Rb3 b6 28. a4 Rhe8 29. Kd2 Bd4 30. a5 Bf2 31. axb6 axb6 32. Ra1 Rxe2+ 33. Kd3 R8e3+ 34. Kd4 0-1

[Event "Titled Tuesday intern op 06th Feb Early"]
[Site "Chess.com INT"]
[Date "2024.02.06"]
[Round "2"]
[White "Williams, Simon Kim"]
[Black "Joel Paul, Ganta"]
[Result "1-0"]
[WhiteElo "2467"]
[BlackElo "1989"]
[PlyCount "85"]
[EventDate "2024.02.06"]
[EventType "swiss (blitz)"]
[EventRounds "11"]
[EventCountry "USA"]
[SourceTitle "CB07_2024"]
[SourceDate "2024.02.14"]
[SourceVersion "1"]
[SourceVersionDate "2024.02.14"]
[SourceQuality "1"]

1. f4 e5 2. e4 d5 3. exd5 exf4 4. Nf3 Nf6 5. Bc4 Bg4 6. 0-0 Be7 7. Nc3 0-0 8. d4 c6 9. Bxf4 cxd5 10. Bb3 Nc6 11. Qd3 Rc8 12. Ne5 Nxd4 13. Nxg4 Nxg4 14. Bxd5 Qb6 15. Kh1 Qxb2 16. Bd2 Qxa1 17. Ne4 Qb2 18. Qg3 h5 19. h3 Ne2 20. Qf3 Nd4 21. Bxf7+ Kh8 22. Qf4 Rxf7 23. Qxf7 Rf8 24. Qxh5+ Kg8 25. Rxf8+ Kxf8 26. Qxg4 Qxc2 27. Qf4+ Kg8 28. Ng3 Qd1+ 29. Kh2 Ne6 30. Qe3 Kf8 31. Qxe6 Qxd2 32. Qf5+ Ke8 33. Ne4 Qd4 34. Qc8+ Kf7 35. Qf5+ Ke8 36. Qg6+ Kd8 37. Qe6 Qd7 38. Qg8+ Kc7 39. Qc4+ Qc6 40. Qd4 Bd6+ 41. Kg1 Qc1+ 42. Kf2 Qc2+ 43. Kf3 1-0

[Event "Titled Tuesday intern op 05th Sep Early"]
[Site "Chess.com INT"]
[Date "2023.09.05"]
[Round "5"]
[White "Liu, Casper Yukun"]
[Black "Williams, Simon Kim"]
[Result "1-0"]
[WhiteElo "2278"]
[BlackElo "2467"]
[PlyCount "89"]
[EventDate "2023.09.05"]
[EventType "swiss (blitz)"]
[EventRounds "11"]
[EventCountry "USA"]
[SourceTitle "EXT 2024"]
[Source "ChessBase"]
[SourceDate "2023.10.10"]
[SourceVersion "1"]
[SourceVersionDate "2023.10.10"]
[SourceQuality "1"]

1. e4 c5 2. h4 Nc6 3. Nf3 e6 4. Nc3 d5 5. exd5 exd5 6. d4 Nf6 7. Bg5 Bg4 8. Bb5 Be7 9. Qd3 0-0 10. Bxc6 bxc6 11. Ne5 cxd4 12. Qxd4 c5 13. Qd3 Be6 14. Nc6 Qd6 15. Nxe7+ Qxe7 16. 0-0-0 Rab8 17. Rhe1 Qb7 18. b3 c4 19. Qg3 Nh5 20. Qf3 Rfc8 21. Nxd5 cxb3 22. Ne7+ Qxe7 23. Bxe7 bxc2 24. Rd8+ Rxd8 25. Bxd8 Rb1+ 26. Kxc2 Rxe1 27. Qc3 Bf5+ 28. Kd2 Re8 29. Qc7 Be6 30. f3 g6 31. a4 Ng7 32. Bf6 Nf5 33. Qxa7 h5 34. a5 Rc8 35. a6 Nd6 36. Ke1 Nc4 37. Kf2 Re8 38. Kg1 Bf5 39. Qc7 Re1+ 40. Kh2 Nd2 41. a7 Re2 42. a8Q+ Kh7 43. Qa6 Nf1+ 44. Kg1 Ng3 45. Qxf7+ 1-0

[Event "Titled Tuesday intern op 25th Jul Early"]
[Site "Chess.com INT"]
[Date "2023.07.25"]
[Round "2"]
[White "Harris, Ian"]
[Black "Williams, Simon Kim"]
[Result "0-1"]
[WhiteElo "2145"]
[BlackElo "2467"]
[PlyCount "62"]
[EventDate "2023.07.25"]
[EventType "swiss (blitz)"]
[EventRounds "11"]
[EventCountry "USA"]
[SourceTitle "EXT 2024"]
[Source "ChessBase"]
[SourceDate "2023.10.10"]
[SourceVersion "1"]
[SourceVersionDate "2023.10.10"]
[SourceQuality "1"]

1. d4 e6 2. Bf4 b6 3. e3 Bb7 4. Nf3 d6 5. Be2 Nd7 6. 0-0 g6 7. h3 Bg7 8. c4 Ne7 9. Nc3 0-0 10. Re1 h6 11. Qd2 f5 12. Rac1 g5 13. Bh2 Ng6 14. Qc2 h5 15. e4 g4 16. hxg4 hxg4 17. Nd2 Qg5 18. exf5 exf5 19. d5 Nde5 20. Nb5 Rf7 21. Nd4 f4 22. Ne6 Qh6 23. Ne4 f3 24. Bf1 Re8 25. N4g5 Rf6 26. Bg3 Bc8 27. Re4 Bxe6 28. Nxe6 Kf7 29. Rce1 Rh8 30. Ng5+ Qxg5 31. Bxe5 Nxe5 0-1

[Event "Titled Tuesday intern op 25th Jul Early"]
[Site "Chess.com INT"]
[Date "2023.07.25"]
[Round "1"]
[White "Williams, Simon Kim"]
[Black "Duarte Miceli, Leonardo"]
[Result "1-0"]
[WhiteElo "2467"]
[BlackElo "2299"]
[PlyCount "79"]
[EventDate "2023.07.25"]
[EventType "swiss (blitz)"]
[EventRounds "11"]
[EventCountry "USA"]
[SourceTitle "EXT 2024"]
[Source "ChessBase"]
[SourceDate "2023.10.10"]
[SourceVersion "1"]
[SourceVersionDate "2023.10.10"]
[SourceQuality "1"]

1. d4 Nf6 2. Bg5 e6 3. Nf3 Be7 4. Nbd2 d5 5. Bxf6 Bxf6 6. e4 0-0 7. Bd3 b6 8. e5 Be7 9. h4 f5 10. exf6 Bxf6 11. Ng5 h6 12. Qh5 Bxg5 13. hxg5 Qxg5 14. Bh7+ Kh8 15. Qxg5 hxg5 16. Nf3 g6 17. Bxg6+ Kg7 18. Ne5 Nd7 19. Rh7+ Kf6 20. Nxd7+ Bxd7 21. Bd3 Rf7 22. Rh6+ Ke7 23. Ke2 Raf8 24. f3 Rg7 25. Rah1 c5 26. c3 cxd4 27. cxd4 Kd6 28. Rh7 Rff7 29. Rxg7 Rxg7 30. Rh8 e5 31. Rh6+ Be6 32. Bf5 Re7 33. Ke3 Kd7 34. Rxe6 Rxe6 35. dxe5 Ke7 36. Bxe6 Kxe6 37. Kd4 a6 38. b4 a5 39. bxa5 bxa5 40. a4 1-0

[Event "Titled Tuesday intern op 25th Jul Early"]
[Site "Chess.com INT"]
[Date "2023.07.25"]
[Round "4"]
[White "Williams, Simon Kim"]
[Black "Taboas Rodriguez, Daniel"]
[Result "1-0"]
[WhiteElo "2467"]
[BlackElo "2374"]
[PlyCount "97"]
[EventDate "2023.07.25"]
[EventType "swiss (blitz)"]
[EventRounds "11"]
[EventCountry "USA"]
[SourceTitle "EXT 2024"]
[Source "ChessBase"]
[SourceDate "2023.10.10"]
[SourceVersion "1"]
[SourceVersionDate "2023.10.10"]
[SourceQuality "1"]

1. d4 Nf6 2. Bg5 d5 3. Nd2 Bf5 4. e3 Nbd7 5. Ngf3 h6 6. Bh4 e6 7. c4 Be7 8. Be2 0-0 9. 0-0 c6 10. Qb3 Qb6 11. c5 Qxb3 12. axb3 a6 13. b4 g5 14. Bg3 Nh5 15. Bc7 Rfc8 16. Ba5 Nhf6 17. Ne1 e5 18. Bd3 Bxd3 19. Nxd3 e4 20. Ne1 Ne8 21. f3 f5 22. fxe4 fxe4 23. Nc2 Nc7 24. Bxc7 Rxc7 25. Nb3 Rb8 26. Rf5 Kg7 27. Raf1 Bf6 28. Na5 Rcc8 29. g4 Rf8 30. h3 Bd8 31. Na1 Bxa5 32. bxa5 Rxf5 33. Rxf5 Rf8 34. Rxf8 Kxf8 35. Nb3 Nf6 36. Nc1 h5 37. gxh5 Nxh5 38. Kg2 Kf7 39. Ne2 Kg6 40. Nc3 Kf5 41. Na4 Nf6 42. Nb6 g4 43. h4 Kg6 44. Nc8 Kh5 45. Kg3 Ne8 46. Nd6 Ng7 47. b4 Kg6 48. Kxg4 Kf6 49. h5 1-0

[Event "Titled Tuesday intern op 27th Jun Early"]
[Site "Chess.com INT"]
[Date "2023.06.27"]
[Round "5"]
[White "Williams, Simon Kim"]
[Black "Titichoca Daza, Daniel Henry"]
[Result "0-1"]
[WhiteElo "2467"]
[BlackElo "2187"]
[PlyCount "94"]
[EventDate "2023.06.27"]
[EventType "swiss (blitz)"]
[EventRounds "11"]
[EventCountry "USA"]
[SourceTitle "EXT 2024"]
[Source "ChessBase"]
[SourceDate "2023.10.10"]
[SourceVersion "1"]
[SourceVersionDate "2023.10.10"]
[SourceQuality "1"]

1. d4 Nf6 2. c4 e6 3. Nf3 d5 4. Nc3 dxc4 5. e4 b5 6. Nxb5 Nxe4 7. Bxc4 Nd6 8. Bd3 Be7 9. 0-0 0-0 10. Nxd6 cxd6 11. Re1 Bb7 12. Bf4 Nd7 13. Nd2 Nf6 14. h3 Nd5 15. Bh2 Rc8 16. a3 g6 17. Nf1 Qb6 18. Be4 Bf6 19. Qd2 Qxd4 20. Qxd4 Bxd4 21. Bxd6 Rfd8 22. Bg3 Ba6 23. Rab1 Nb6 24. Red1 Bf6 25. b3 Kg7 26. Ne3 Rxd1+ 27. Rxd1 h5 28. a4 Rc3 29. b4 Nxa4 30. Rd7 h4 31. Bd6 Nb6 32. Rxa7 Nc8 33. Rxa6 Rc1+ 34. Nf1 Re1 35. Bf3 Bd4 36. Bc5 Be5 37. Ra8 Nd6 38. Bxd6 Bxd6 39. b5 Rb1 40. Ra6 Bc5 41. Be2 Rb2 42. Rc6 Bd4 43. Rd6 e5 44. Bc4 Rxf2 45. Bd5 Rf6+ 46. Kh1 Rxd6 47. Bc6 Bf2 0-1

[Event "Titled Tuesday intern op 30th May Early"]
[Site "Chess.com INT"]
[Date "2023.05.30"]
[Round "6"]
[White "Trifan, Andrei Ioan"]
[Black "Williams, Simon Kim"]
[Result "1-0"]
[WhiteElo "2300"]
[BlackElo "2458"]
[PlyCount "37"]
[EventDate "2023.05.30"]
[EventType "swiss (blitz)"]
[EventRounds "11"]
[EventCountry "USA"]
[SourceTitle "CBM 214 Extra"]
[Source "ChessBase"]
[SourceDate "2023.07.31"]
[SourceVersion "1"]
[SourceVersionDate "2023.07.31"]
[SourceQuality "1"]

1. e4 g6 2. d4 Bg7 3. Nc3 d6 4. f4 Nf6 5. Nf3 0-0 6. Bd3 Nh5 7. 0-0 Nc6 8. d5 Nb4 9. Bc4 e5 10. a3 Na6 11. f5 c6 12. dxc6 bxc6 13. Ng5 d5 14. exd5 Nf4 15. Nxf7 Rxf7 16. dxc6 Qb6+ 17. Kh1 Bxf5 18. Nd5 Qxc6 19. Ne7+ 1-0